Los determinantes de la elección vocacional de una semiprofesión : un estudio de estudiantes de primer ingreso a la carrera de profesor de educación primaria.

Kaydedildi:
Detaylı Bibliyografya
Yazar: García Garduño, José María (autor)
Materyal Türü: Bilinmiyor
Dil:İspanyolca
Konular:
Online Erişim:Ver documento en línea
Etiketler: Etiketle
Etiket eklenmemiş, İlk siz ekleyin!

MARC

LEADER 00000c**#a2200000ua#4500
001 000513215
003 DLC
005 20260411000000.0
008 070831c^^^^9999^^^^r1^^^^^^^^0^^^^0spa^d
009 20260411194406.73
022 |a 01851284 
035 |a FCE 000057426 
037 |a Acervo ITESO - Biblioteca 
041 |a spa 
095 |a RLEE  |b 10-1-95. 
100 |a García Garduño, José María  |e (autor) 
245 1 4 |a Los determinantes de la elección vocacional de una semiprofesión :  |b un estudio de estudiantes de primer ingreso a la carrera de profesor de educación primaria. 
264 |a México :  |b Centro de Estudios Educativos,  |c 2010. 
336 |a texto  |b txt  |2 rdacontenido 
337 |a sin mediación  |b n  |2 rdamedio 
338 |a volumen  |b nc  |2 rdasoporte 
649 |a XX 
650 |a Docentes 
650 |a Elección de carrera 
650 |a Factores sociales 
650 |a Carrera 
650 |a Educación primaria 
650 |a Estudio de casos 
650 |a México 
740 |g vol. 40, no. 1, 2010, pp. 95-110  |t Revista Latinoamericana de Estudios Educativos. Construcción Ciudadana de lo público, 
856 4 0 |u https://www.cee.edu.mx/rlee/revista/r2001_2010/r_texto/t_2010_1_05.pdf  |y Ver documento en línea 
910 |a Fondo Centro de Estudios Educativos 
920 |a Impresos - Libros 
930 |a Fondos Especiales 
905 |a 133 
902 |a https://opac.biblio.iteso.mx/vufind/Record/000513215